000 00636nam a2200253Ia 4500
005 20260306152748.0
008 008 260114s9999 xx 000 0 eng d
020 _a9383762411
037 _aEBOOK
040 _aCRL
040 _beng
040 _cCRL
041 _2eng
041 _aeng
084 _qCRL
100 _aDr. N.Ch. Varadaraju
_91124256
245 0 _aLIS Education In India Past And Present
260 _bSwastik Publisher and Distributors
260 _c2018
856 _uhttps://www.asapglobe.com/searchtitles.aspx?query=9383762411
942 _cEBOOK
999 _c1701441
_d1701441